Click the TV Theme Quiz Stats

 Plays Quiz Updated Oct 18, 2013

Support Sporcle.
Go Orange.
Score 0/22 Timer 04:00
0 Plays Today
% Correct
Cheers
87.1%
Married... with Children
84.5%
COPS
81.4%
The Big Bang Theory
75.6%
The Jeffersons
74.3%
The Golden Girls
73.3%
Dukes of Hazzard
68.5%
All in the Family
61.2%
Full House
59.9%
Scrubs
55.8%
The Wonder Years
55.7%
% Correct
M*A*S*H
55.3%
Malcolm in the Middle
54.1%
CSI: Miami
53.7%
Firefly
38.2%
True Blood
36.1%
Smallville
33.5%
One Tree Hill
32.2%
The Wire
27.3%
Chuck
26.4%
House
25.3%
Party of Five
24.7%

From the Vault

Disney Movie Object Match

by triviahappy

Movies 2m
For a quiz about Disney, you'd think there'd be some mouse ears.
Remove Ads.
Support Sporcle.
Get the best of Sporcle when you Go Orange. This ad-free experience offers more features, more stats, and more fun while also helping to support Sporcle. Thank you for becoming a member.

Show Comments

Extras

Top Quizzes Today


Score Distribution

Your Account Isn't Verified!

In order to create a playlist on Sporcle, you need to verify the email address you used during registration. Go to your Sporcle Settings to finish the process.

Report this User

Report this user for behavior that violates our Community Guidelines.

Details: